Sewage disposal and air pollution engineering: environmental engineering (vol.II) (Record no. 34694)

MARC details
000 -LEADER
fixed length control field 00566nam a2200193Ia 4500
020 ## - INTERNATIONAL STANDARD BOOK NUMBER
ISBN 9788174092304
050 ## - CALL MARK
Classification number TD 741 .G37/
100 ## - STATEMENT OF RESPONSIBILITY--MAIN AUTHOR NAME
Personal name Garg, Santosh Kumar
245 #0 - TITLE STATEMENT
Title Sewage disposal and air pollution engineering: environmental engineering (vol.II)
250 ## - EDITION / VOLUME STATEMENT
Edition / Volume statement 39th ed.
260 ## - PUBLICATION, DISTRIBUTION, ETC. (IMPRINT)
Place of publication New Delhi
260 ## - PUBLICATION, DISTRIBUTION, ETC. (IMPRINT)
Name of publisher Khanna Pulishers
260 ## - PUBLICATION, DISTRIBUTION, ETC. (IMPRINT)
Year of publication 2019
300 ## - PHYSICAL DESCRIPTION
Number of Pages 1128 p
650 ## - SUBJECT ADDED ENTRY--TOPICAL TERM
Topical Term Sewage disposal--Washington (D.C.) Water--Pollution--Washington (D.C.)
942 ## - ADDED ENTRY ELEMENTS (KOHA)
Koha item type Books
Holdings
Withdrawn status Lost status Source of classification or shelving scheme Damaged status Not for loan Permanent Location Current Location Shelving location Date acquired Accession Number Price effective from Koha item type
    Library of Congress Classification     NILE UNIVERSITY OF NIGERIA - MAIN LIBRARY NILE UNIVERSITY OF NIGERIA - MAIN LIBRARY Items on shelf 04/23/2025 0193335 04/23/2025 Books